Rubber kayattumathikku dhrutha nadapadi (Record no. 75197)

MARC details
000 -LEADER
fixed length control field 00232nam a22000977a 4500
100 ## - MAIN ENTRY--AUTHOR NAME
Personal name Vasanthagesan, M.
245 ## - TITLE STATEMENT
Title Rubber kayattumathikku dhrutha nadapadi
260 ## - PUBLICATION, DISTRIBUTION, ETC. (IMPRINT)
Name of publisher Karshakasree, 30(4): 2024. 8.
300 ## - PHYSICAL DESCRIPTION
Other physical details April
942 ## - ADDED ENTRY ELEMENTS (KOHA)
Koha item type Journals
Holdings
Withdrawn status Lost status Damaged status Not for loan Home library Current library Date acquired Koha item type
        RRII Library RRII Library 23/04/2024 Journals